[Event "SA Championship"]
[Site "Adelaide"]
[Date "2000.03.16"]
[Round "1.1"]
[White "Yang, Song"]
[Black "Stokes, Brett"]
[Result "1-0"]
[WhiteElo "1467"]
[BlackElo "1626"]
[Annotator "Fritz 5.32 - Anderson-Smith,W"]
[PlyCount "29"]
[EventDate "2000.03.16"]
[EventType "tourn"]
[EventRounds "5"]
[EventCountry "AUS"]

1. e4 e6 2. d3 {French Defence [unusual moves]} b6 (2... d5 3. Nd2 (3. Qe2 Nf6
4. Nf3 b6 5. e5 Nfd7 6. g3 c5 7. Bg2 Be7 8. h4 Nc6 9. c4 dxc4 10. dxc4 Bb7 11.
O-O Qc7 12. Bf4 Nf8 13. Re1 Ng6 14. Bd2 O-O-O 15. Nc3 a6 16. h5 Nf8 17. Bf4 h6
18. Ne4 g5 19. Nd6+ Bxd6 20. exd6 Qd7 21. Be5 Rg8 22. Bf6 g4 23. Nd2 Nd4 24.
Bxd4 Bxg2 25. Kxg2 {1-0 Glek,I-Granda Zuniga,J/Wijk aan Zee 1997/CBM 57 (41)})
3... Nf6 4. Ngf3 b6 5. g3 dxe4 6. dxe4 Bc5 7. Bb5+ c6 8. Bd3 Nbd7 9. O-O e5 10.
Nc4 Qc7 11. c3 a5 12. a4 O-O 13. Nh4 Rd8 14. Qf3 Bf8 15. Nf5 Nc5 16. Bc2 Be6
17. Nxe5 Ncxe4 18. Ng4 Bd5 19. c4 Bxc4 20. Bf4 Qd7 21. Bxe4 Nxe4 22. Qxe4 Bd3
23. Nfh6+ gxh6 24. Nf6+ Kh8 25. Nxd7 Bxe4 26. Nxb6 {
Zeit. 0-1 Mowsziszian,K-Mann,C/BL9697 HSK-Eppingen 1997/BL9697 (39)}) 3. Nf3
Bb7 4. Nbd2 (4. g3 d6 5. Bg2 Nf6 6. O-O Nbd7 7. Nh4 c5 8. f4 Qc7 9. f5 e5 10.
c4 O-O-O 11. Nc3 a6 12. a3 Be7 13. Bf3 Rdg8 14. Ng2 g5 15. fxg6 hxg6 16. b4 Kb8
17. Rb1 cxb4 18. axb4 b5 19. Be3 bxc4 20. b5 Kc8 21. Qa4 Nb6 22. Qa5 Nbd5 23.
b6 Qd7 24. Nxd5 Nxd5 25. exd5 Qh3 26. Kf2 f5 27. Qa4 Bd8 28. Qxc4+ Kb8 29. Bg5
Bxg5 30. Qc7+ Ka8 31. Ra1 Qh7 32. Rxa6+ Bxa6 33. b7+ Ka7 34. b8=Q# {
1-0 Yagupov,I-Karagodin,V/RUS-sf Briansk 1995/EXP 49 (34)}) 4... g5 $146 (4...
d6 5. g3 Be7 6. Bg2 Nd7 7. O-O Ngf6 8. Re1 (8. Ne1 d5 9. c3 c5 10. f4 dxe4 11.
dxe4 Qc7 12. Qe2 O-O-O 13. a4 e5 14. Nc4 h5 15. a5 h4 16. axb6 axb6 17. Ra7
hxg3 18. hxg3 Nh5 19. Qf2 {
1/2-1/2 Kaid,A-Kreh,F/GER-chJI U20 Hamburg 1993/TD 93\05 (19)}) 8... c5 9. Nf1
Qc7 10. c4 h6 11. a3 a6 12. b3 O-O 13. h4 Ne5 14. N3h2 Nc6 15. Rb1 Rad8 16. Bb2
Rd7 17. Qd2 Qd8 18. Ne3 Ne8 19. Nc2 {
Schroeder,S-Welker,M/OLWuert 1990/GER 01/1-0 (55)}) 5. g3 Bg7 6. Bg2 Nc6 7. O-O
Qe7 8. c3 {Prevents intrusion on b4+d4} h5 9. d4 h4 {Black gains space} (9...
g4 10. Nh4 $15) 10. d5 {This push gains space} Nd8 11. Nc4 f6 $16 {
Consolidates e5} (11... Qc5 $142 $5 {might be a viable alternative} 12. Ne3
hxg3 13. fxg3 c6 $11) 12. d6 cxd6 {Controls e5} 13. Nxd6+ Kf8 14. e5 fxe5 $4
$18 (14... Bc6 $142 $14 {this is the best bet to save the position}) 15. Bxg5 (
15. Bxg5 Bf6 16. Nxe5 $18 (16. gxh4 Bxf3 17. Qxf3 Nc6 $16) (16. Nxb7 $6 Bxg5
17. Nxe5 Kg7 $18)) (15. Nxg5 $6 Bxg2 16. Kxg2 Nf6 $14) (15. Nxb7 $6 Nxb7 16.
Bxg5 Qf7 17. Nxh4 d5 $18) 1-0

[Event "SA Championship"]
[Site "Adelaide"]
[Date "2000.03.16"]
[Round "1.2"]
[White "Guthrie, Aaron"]
[Black "Tanti, Joseph G"]
[Result "1-0"]
[WhiteElo "1320"]
[BlackElo "1771"]
[Annotator "Fritz 5.32 - Anderson-Smith,W"]
[PlyCount "77"]
[EventDate "2000.03.16"]
[EventType "tourn"]
[EventRounds "5"]
[EventCountry "AUS"]

1. e4 e5 2. Nf3 Nc6 3. Bc4 Nf6 {Two Knights' Defence} 4. Ng5 d5 5. exd5 Nxd5 $2
6. d4 (6. Nxf7 Kxf7 7. Qf3+ Ke6 8. Nc3 Nce7 9. O-O c6 10. d4 Ng6 11. dxe5 Qa5
12. Bg5 Be7 13. Bxe7 Ngxe7 14. Rad1 Rf8 15. Qxf8 {
1-0 Zu Bi,A-Zapusek,M/Luzern olm 1982/BIG 80 (15)}) 6... Bb4+ 7. c3 Be7 8. Nxf7
Kxf7 9. Qf3+ Ke6 10. Qg4+ $146 (10. Qe4 Bf8 11. O-O Nce7 12. f4 c6 13. fxe5 Kd7
14. Be2 Ke8 15. c4 Nc7 16. Nc3 Be6 17. Bg5 Qd7 18. Rad1 Rc8 19. Bxe7 Qxe7 20.
d5 Qc5+ 21. Kh1 cxd5 22. cxd5 Bd7 23. e6 Bb5 24. Qf4 Kd8 25. Bxb5 Nxb5 26. Nxb5
Qxb5 27. d6 {1-0 Barden,L-Adams,W/Hastings5051 1950/MCL 01 (27)}) 10... Kd6 11.
Qe4 Be6 12. b3 Qg8 13. dxe5+ Kd7 14. O-O Rd8 15. Bb5 Qf7 16. c4 Nb6 17. a4 a6
$11 (17... Bf5 $142 $5 18. Bxc6+ bxc6 $17) 18. Bxc6+ bxc6 19. a5 Na8 20. Be3
$17 (20. Ra2 $142 $14 {and White hangs on}) 20... Qf5 $15 (20... Qg6 21. Qxg6
hxg6 22. Nd2 $17) 21. Qd4+ Ke8 22. Qa7 Qc2 $11 (22... Qxe5 $5 23. Nd2 Bf6 $15)
23. Qxa6 Qxb3 24. Qxc6+ Bd7 25. Qe4 Rb8 $2 $18 (25... Be6 $142 $5 $14 {
and Black can hope to survive}) 26. e6 Bc8 27. Qc6+ Kd8 (27... Kf8 28. a6 Qb2
$18) 28. Na3 (28. Nc3 $142 $1 {keeps an even firmer grip} h6 (28... Qxc3 29.
Rfd1+ Bd6 30. Bg5+ Qf6 31. Bxf6+ gxf6 32. Rxd6+ cxd6 33. Qxd6+ Ke8 34. Rd1 Bxe6
35. Qxe6+ Kf8 36. Qxf6+ Kg8 37. Qg5+ Kf8 38. Qf4+ Ke7 39. Qe5+ Kf8 40. Qxb8+
Kf7 41. Qf4+ Ke7 42. Qe5+ Kf7 43. Rd7+ Kg6 44. Rg7+ Kh6 45. Qg5#) 29. Rab1 Qxb1
30. Rxb1 Rxb1+ 31. Nxb1 Re8 32. Qxa8 Bg5 33. Qd5+ Ke7 $18) 28... h6 (28... Bxa3
$4 {Black must not take the knight, otherwise he will bring himself grief} 29.
Bg5+ Be7 30. Rfd1+ Qxd1+ 31. Rxd1+ Bd7 32. Qxd7#) 29. Rfd1+ Bd6 30. c5 (30.
Rab1 $142 {seems even better} Qxb1 31. Rxb1 Rxb1+ 32. Nxb1 Ke7 33. Qxa8 Rd8 $18
) 30... Qb7 31. e7+ Kxe7 32. cxd6+ Kf7 33. Qc4+ (33. Nc4 {
and White can already relax} Be6 34. Ne5+ Kf6 $18) 33... Be6 34. Qf4+ Kg8 (
34... Kg6 35. Qe5 Bb3 36. dxc7 Qxc7 37. Rd6+ Kh7 38. Qf5+ Kg8 39. Rd7 $18) 35.
d7 (35. Rab1 $142 {makes sure everything is clear} Bb3 36. Rd3 Rf8 37. Rbxb3
Qa6 $18) 35... Kh7 (35... Rd8 {desperation} 36. Qh4 $1 {
sealing the opponent's fate} g5 37. Bxg5 hxg5 38. Qxg5+ Kf7 $18) 36. Rab1 g5 (
36... Qc6 {otherwise it's curtains at once} 37. Rxb8 Rxb8 $18) 37. Qd4 (37. Qf6
$142 {finishes off the opponent} Rhf8 38. Qe7+ Bf7 39. Rxb7 $18) 37... c5 (
37... Qd5 {is still a small chance} 38. Qxd5 Bxd5 39. Rxb8 Rxb8 40. Rxd5 Rd8
$18) 38. Rxb7 (38. Qd3+ Kg7 39. Qc3+ Kf7 40. Rxb7 Rxb7 41. Qxh8 Rxd7 42. Qh7+
Ke8 43. Qg6+ Ke7 44. Bxc5+ Kd8 45. Qf6+ Kc7 46. Nb5+ Kc6 47. Qxe6+ Kxc5 48.
Rc1+ Kb4 49. Rb1+ Kc5 50. Qb3 Kc6 51. Qc4+ Kb7 52. Nd6+ Ka7 53. Nc8#) 38...
cxd4 39. d8=Q+ (39. d8=Q+ Rxb7 40. Qxd4 $18) 1-0

[Event "SA Championship"]
[Site "Adelaide"]
[Date "2000.03.16"]
[Round "1.3"]
[White "Sheldrick, Kevin"]
[Black "Sykes, Alexander"]
[Result "1-0"]
[WhiteElo "1861"]
[BlackElo "1867"]
[Annotator "Fritz 5.32 - Anderson-Smith,W"]
[PlyCount "33"]
[EventDate "2000.03.16"]
[EventType "tourn"]
[EventRounds "5"]
[EventCountry "AUS"]

1. e4 c5 2. Nc3 Nc6 3. g3 g6 4. Bg2 Bg7 {Sicilian Defence [Closed System]} 5.
d3 Rb8 6. Be3 d6 7. Qd2 b5 8. Nd1 b4 9. Ne2 Bd7 (9... Qa5 10. O-O Nf6 11. Bh6
O-O 12. Bxg7 Kxg7 13. a3 b3 14. c3 Ba6 15. f4 Nd4 16. Ne3 Nxe2+ 17. Qxe2 Qc7
18. g4 h6 19. Rf2 e6 20. Raf1 {
1/2-1/2 Klinger,J-Rogers,I/Novi Sad olm 1990/TD 90\06 (20)}) (9... Nd4 10. O-O
Bd7 11. a3 a5 12. Bxd4 cxd4 13. axb4 Rxb4 14. b3 Bh6 15. f4 e5 16. Nb2 Be6 17.
Ra2 Nf6 18. Rfa1 O-O 19. Rxa5 Rb7 20. h3 Nh5 21. Kh2 Rc7 22. Nc4 f5 23. Ra8 Rc8
24. exf5 Bxf5 25. Qe1 {
1/2-1/2 Suttles,D-Portisch,L/Palma de Mallorca izt 1970/IZT (42)}) 10. d4 $146
(10. O-O Nf6 (10... Qc8 11. f4 Nf6 12. f5 gxf5 13. Bh6 Bxh6 14. Qxh6 Nd4 15.
Nf4 Nxc2 16. Rc1 Nd4 17. Ne3 Be6 18. Rce1 Bxa2 19. exf5 Kd7 20. Ra1 b3 21. Ned5
Qf8 22. Nxf6+ exf6 23. Qxf6 Re8 24. Rac1 Re5 25. Rce1 {
Uritzky,M-Manor,I/ISR-chT 1996/EXP 52/1/2-1/2 (43)}) 11. h3 (11. Bh6 O-O 12.
Bxg7 Kxg7 13. h3 e5 14. Ne3 h6 15. f4 Nd4 16. f5 Bc6 17. g4 Nxe2+ 18. Qxe2 g5
19. Qf2 Rh8 20. Rfe1 Kf8 21. c3 Qc7 22. Rac1 Qb7 23. Nc4 Qe7 24. Ne3 Qb7 25.
Nc4 Qe7 26. b3 Nd7 27. Ne3 f6 {
1/2-1/2 Schreyer,A-Brauner,R/Hessen-chS 1992/GER 02 (27)}) 11... O-O 12. Bh6
Nd4 13. Bxg7 Kxg7 14. f4 Qc7 15. Ne3 Nxe2+ 16. Qxe2 Bc6 17. g4 a5 18. Rf2 Nd7
19. Raf1 Rbe8 20. g5 f6 21. h4 e6 22. Qg4 f5 23. Qh3 Rh8 24. h5 Nb6 {
Welz,P-Sieg,U/BL2-N 1996/BL2/1-0 (44)}) 10... cxd4 11. Nxd4 Qa5 12. O-O Nxd4
$14 (12... Nf6 13. Nb3 Qc7 14. c3 $11) 13. Bxd4 Nf6 14. Re1 O-O $16 (14... h6
15. e5 dxe5 16. Rxe5 $16) 15. e5 Ng4 16. exd6 Bxd4 $2 $18 (16... e5 $142 17.
Be3 Rfd8 $16) 17. dxe7 $1 {the death sentence. . . . . . . .} (17. dxe7 Rfe8
18. Qxd4 $18) (17. Qxd4 $6 exd6 18. h3 Nh6 19. Qxd6 Be6 $16) 1-0

[Event "SA Championship"]
[Site "Adelaide"]
[Date "2000.03.21"]
[Round "2.2"]
[White "Yang, Song"]
[Black "Guthrie, Aaron"]
[Result "1/2-1/2"]
[WhiteElo "1659"]
[BlackElo "1489"]
[Annotator "Fritz 5.32 - Anderson-Smith,W"]
[PlyCount "74"]
[EventDate "2000.03.16"]
[EventType "tourn"]
[EventRounds "5"]
[EventCountry "AUS"]

1. e4 c5 2. Nf3 d6 3. d3 Nf6 4. g3 Nc6 {Sicilian Defence [Closed System]} (4...
g6 5. Bg2 Bg7 6. O-O O-O 7. c3 Nc6 8. Re1 Bd7 9. Nbd2 b5 10. d4 cxd4 11. cxd4
Rc8 12. Nb3 Bg4 13. h3 Bxf3 14. Bxf3 Nd7 15. a3 Nb6 16. Bg4 Rc7 17. Be2 a6 18.
d5 Ne5 19. Nd4 Na4 20. Rb1 Qc8 21. Kg2 Qb7 22. f3 Nc4 23. Bxc4 Bxd4 24. Qxd4
Rxc4 25. Qd3 Rfc8 26. Be3 Rc2+ 27. Re2 Qc7 28. Kf2 f6 29. Bd4 Rxe2+ 30. Qxe2
Qc2 31. Rd1 Qxe2+ 32. Kxe2 Rc2+ 33. Rd2 Rc1 34. Rd1 Rc2+ 35. Rd2 Rc1 36. Rd1 {
1/2-1/2 Balashov,Y-Ryskin,A/Wisla BES 1992/TD 92\04 (36)}) 5. Bg2 g6 6. O-O Bg7
7. Nbd2 O-O 8. c3 Bd7 9. Ne1 $146 (9. a4 a6 10. Nc4 b6 (10... b5 11. Ne3 Rb8
12. axb5 axb5 13. Nd2 Qc8 14. Re1 Bh3 15. Bh1 h5 16. Nf3 Ne5 17. Ng5 c4 18.
Nxh3 Qxh3 19. Bg2 Qd7 20. dxc4 bxc4 21. Qe2 Rfc8 22. Rd1 Qb5 23. Bf1 Qb7 24. f3
Qc6 25. Rd4 Qb6 26. Kg2 Nd3 27. Nxc4 Nxc1 28. Rxc1 Qb3 29. Qc2 Nd7 30. Qxb3
Rxb3 31. Rd2 Bh6 32. f4 Nc5 33. Na5 Rb6 34. Kf3 e5 35. Rcd1 exf4 36. gxf4 Ne6
37. Nc4 Rbc6 38. Nxd6 Rd8 39. Nxf7 Kxf7 40. Rxd8 Bxf4 41. R8d7+ Kf6 42. h4 Be5
43. Rb7 g5 44. hxg5+ Nxg5+ 45. Ke3 h4 46. Bb5 Rd6 47. Rf1+ Kg6 48. Be8+ Kh6 49.
Rb5 Re6 50. Bd7 Re7 51. Rb6+ Kh5 52. Rb5 h3 53. Bxh3 {
1-0 Degenhardt,H-Gutperle,M/BL2-SW 8889 1989/BL2 (53)}) 11. e5 Ne8 12. Bf4 d5
13. Ne3 d4 14. cxd4 cxd4 15. Nc2 Bg4 16. h3 Bxf3 17. Qxf3 Rc8 18. Qe2 Nxe5 19.
Bb7 Rc5 20. b4 Rc3 21. Bxe5 Bxe5 22. Qxe5 Rxc2 23. Bxa6 Qd6 {
Richter,O-Fink,P/NRW-II 1993/TD 93\01/1-0 (36)}) (9. Nh4 b5 (9... a5 10. a4 e5
11. Nc4 Ne8 12. Qe1 Be6 13. f4 exf4 14. gxf4 Bf6 15. Nf3 d5 16. Ncd2 Qd7 17.
Qg3 Ng7 18. f5 gxf5 19. e5 f4 20. Qxf4 Be7 21. Ng5 Bf5 22. d4 cxd4 23. cxd4
Bxg5 24. Qxg5 {Goletiani,R-Ghate,S/Medellin 1996/1/2-1/2 (51)}) 10. f4 Ne8 11.
f5 b4 12. c4 e6 13. Ndf3 Bf6 14. Bh6 Ng7 15. Qd2 exf5 16. exf5 gxf5 17. Kh1 Ne7
18. d4 Ng6 19. dxc5 dxc5 20. Rad1 Bc6 21. Qf2 Qc8 22. Rd6 Bxh4 23. gxh4 Be4 {
Fedorov,A-Vorotnikov,V/Moscow VDFSO 1992/EXP 29/1-0 (37)}) (9. a3 Qc8 10. Rb1
Bg4 11. Qc2 Rd8 12. b4 cxb4 13. axb4 d5 14. b5 Nb8 15. Ba3 dxe4 16. dxe4 Re8
17. Qa4 Nbd7 18. Rfc1 Nb6 19. Qb3 Bh6 20. Rc2 Nfd7 21. h3 Nc5 22. Bxc5 Bxf3 23.
Bxb6 Bxg2 {Loginov,V-Wang Zili/Belgrade GMA 1988/TD 88\07/1/2-1/2 (53)}) 9...
b5 10. f4 b4 {Black gains space} 11. Qc2 bxc3 12. bxc3 {Controls b4+d4.} (12.
Qxc3 $2 Nxe4 $1 {finishing him off} 13. Qc4 Bd4+ 14. Kh1 Nf2+ 15. Rxf2 Bxf2 $19
) 12... Ng4 13. Nc4 Na5 14. Ne3 Rb8 15. h3 Nxe3 16. Bxe3 Qb6 17. Rf2 Nc6 18.
Rd1 Qa5 19. Rc1 Rb6 20. Nf3 Rfb8 21. d4 Rb2 $14 (21... Qa3 $142 $5 {
is noteworthy} 22. dxc5 dxc5 $15) 22. Qxb2 Rxb2 23. Rxb2 Qa3 24. Rcc2 cxd4 25.
Nxd4 $15 (25. Bxd4 $142 $5 {has some apparent merit} e5 26. fxe5 dxe5 27. Be3
$14) 25... Bxd4 26. Bxd4 Nxd4 27. cxd4 Qxg3 28. Rb3 Qxf4 29. Rb8+ (29. Rb7 Ba4
30. Rc4 Qd2 31. Rxa7 Bb5 $17) 29... Kg7 30. Rc7 Ba4 31. Rbb7 Qe3+ 32. Kh1 $17 (
32. Kh2 Qxd4 33. Rxe7 Qc4 $15) 32... h5 $11 (32... Qxd4 $5 33. Rxa7 Kf6 $17)
33. Rxe7 Qc1+ 34. Kh2 Qf4+ 35. Kg1 Qe3+ 36. Kh2 Qf4+ 37. Kg1 Qe3+ 1/2-1/2

[Event "SA Championship"]
[Site "Adelaide"]
[Date "2000.03.21"]
[Round "2.3"]
[White "Tanti, Joseph G"]
[Black "Sheldrick, Kevin"]
[Result "1-0"]
[WhiteElo "1921"]
[BlackElo "1985"]
[Annotator "Fritz 5.32 - Anderson-Smith,W"]
[PlyCount "45"]
[EventDate "2000.03.16"]
[EventType "tourn"]
[EventRounds "5"]
[EventCountry "AUS"]

1. e4 Nf6 2. Nc3 d5 3. e5 Nfd7 {Alekin's Defence [Two Pawns Attack]} 4. e6 $146
(4. Nf3 e6 $11) (4. d4 Nb6 5. Nf3 Nc6 (5... Bg4 6. Bd3 Nc6 7. Be3 e6 8. O-O Bb4
9. h3 Bxc3 10. bxc3 Bh5 11. Be2 O-O 12. Qd3 Nc4 13. Rab1 N6a5 14. Qd1 Nxe3 15.
fxe3 b6 16. Qe1 Qe7 17. Qg3 Bxf3 18. Rxf3 c5 19. h4 Kh8 20. h5 {
Dyrda,V-Rogule,A/Menorca 1996/1-0 (53)}) 6. Bb5 Bf5 7. Bd3 e6 8. Ne2 Be7 9. c3
O-O 10. O-O f6 11. Bxf5 exf5 12. exf6 Rxf6 13. Bg5 Rg6 14. Bxe7 Qxe7 15. Ng3
Qd7 16. Qd3 f4 17. Qf5 fxg3 18. Qxd7 gxh2+ {
Djena,S-Koeditz,K/Guben 1996/0-1 (52)}) 4... fxe6 {Prevents intrusion on d5} 5.
Nf3 (5. d4 g6 (5... c5 6. dxc5 (6. Nf3 Nc6 7. Bb5 e5 8. dxe5 e6 9. Ng5 Nd4 10.
Qg4 Qe7 11. Nxh7 Nxc2+ 12. Kd1 Nxa1 13. Nxd5 exd5 14. Bg5 Qxe5 15. Qh5+ {
1-0 Hector,J-Konopka,M/2.BLN9697 SV Luebeck-Kreuzberg 1997/BL2-N (15)}) 6...
Nc6 7. Nf3 Nf6 (7... a6 8. Be3 Nf6 {
1/2-1/2 De la Villa Garcia,J-Illescas Cordoba,M/Pamplona 1996/TUR 96 (8)}) 8.
Bb5 Qc7 9. Qd4 Bd7 10. Bxc6 bxc6 11. Bf4 Qb7 12. O-O g6 13. Be5 Bg7 14. Ne2 O-O
15. Rfe1 Nh5 16. Bxg7 Nxg7 17. Nf4 Rf6 18. Ne5 Raf8 19. Nfd3 Nh5 20. g3 Ng7 21.
Ng4 Nf5 22. Nxf6+ exf6 23. Qb4 Qxb4 24. Nxb4 a5 25. Nd3 {
0-1 Garbisu,U-Zaveskis,L/WchJM-U20 Halle 1995/EXP 48 (62)}) 6. h4 Nf6 7. h5 Rg8
8. hxg6 hxg6 9. Nf3 c5 10. Ne5 Nc6 11. Bb5 Bd7 12. Bxc6 Bxc6 13. Be3 Qa5 14.
Qf3 Qb4 15. O-O-O c4 16. g4 g5 17. Rh5 a5 18. Rxg5 Bg7 19. Rxg7 Rxg7 20. g5
O-O-O 21. gxf6 exf6 22. Qxf6 Re7 23. a3 Qd6 24. Bf4 Ree8 25. Nxc4 {
1-0 Hector,J-Schoen,W/Malmo 1988/CBM 11 (25)}) 5... c5 6. Ng5 Ne5 7. d4 (7. f4
Nf7 8. Bb5+ Nc6 9. Nxf7 Kxf7 10. Bxc6 bxc6 $11) 7... cxd4 8. Qxd4 Nbc6 9. Bb5
Qd6 10. Bf4 Bd7 11. Qe3 d4 12. Qg3 $17 (12. Bxe5 $5 dxe3 13. Bxd6 exf2+ 14.
Kxf2 exd6 15. Rhe1 $15) 12... dxc3 13. Bxc6 Qxc6 ({Less advisable is} 13...
bxc6 14. bxc3 h6 15. Bxe5 $16) (13... Bxc6 $6 14. O-O cxb2 15. Rab1 $15) (13...
cxb2 $6 14. Bxd7+ Nxd7 15. Rb1 $17) 14. Bxe5 cxb2 15. Bxb2 (15. Rb1 Qxc2 16.
O-O Qg6 $17) 15... h6 16. Qd3 $2 $19 (16. Qh4 $142 Qxc2 17. O-O hxg5 18. Qxh8
Qxb2 19. Qh5+ g6 20. Qxg6+ Kd8 21. Rad1 $17) 16... hxg5 17. Qg6+ Kd8 18. O-O-O
Rh6 (18... Qxg2 $6 19. Rxd7+ Kxd7 20. Rd1+ Qd5 21. Rxd5+ exd5 22. Qf7 $15) 19.
Qf7 Kc7 20. Rd3 (20. Bxg7 Bxg7 21. Qxg7 Rf6 22. Qxe7 Rf5 $19 (22... Rxf2 $6 {
is no comparison} 23. Rxd7+ Qxd7 24. Qc5+ Qc6 25. Qxf2 $11)) 20... Qxg2 21.
Rhd1 Rd8 $4 $15 {letting the wind out of his own sails} (21... Bb5 22. Rb3 Bc4
23. Bxg7 Qe4 24. Bxf8 Rh7 $15 (24... Bxb3 $143 25. Qxe7+ Kb6 26. Qc5+ Ka6 27.
Bxh6 $14)) 22. Be5+ {A valuable piece} Kc8 $4 $18 {gives away a clear win} (
22... Kb6 $142 {would be a reprieve} 23. Rb3+ Ka6 24. Ra3+ Kb5 25. Rb3+ Kc4 26.
Rc3+ Kb4 27. Rb3+ Kc4 28. Rc3+ Kb5 29. Rb3+ Kc6 30. Rc3+ Kb5 31. Rb3+ $11) 23.
Rxd7 $1 {decapitation} (23. Rxd7 Qd5 24. R1xd5 exd5 25. Rc7+ Kb8 26. Rxe7+ Ka8
27. Rxb7 Ba3+ 28. Kd2 Bb4+ 29. Kd1 Bc5 30. Qc7 Rhd6 31. Bxd6 Bxf2 32. Qb8+ Rxb8
33. Rxb8#) 1-0

[Event "SA Championship"]
[Site "Adelaide"]
[Date "2000.03.23"]
[Round "3.2"]
[White "Sheldrick, Kevin"]
[Black "Yang, Song"]
[Result "0-1"]
[WhiteElo "1985"]
[BlackElo "1659"]
[Annotator "Fritz 5.32 - Anderson-Smith,W"]
[PlyCount "116"]
[EventDate "2000.03.16"]
[EventType "tourn"]
[EventRounds "5"]
[EventCountry "AUS"]

1. e4 c5 2. d4 cxd4 3. c3 dxc3 4. Nxc3 Nc6 5. Nf3 d6 6. Bc4 {
Sicilian Defence [Morra Gambit]} Nf6 (6... e6 7. O-O Be7 (7... Nf6 8. Qe2 a6 (
8... Qc7 9. Bg5 Be7 10. Rac1 O-O 11. Nb5 Qb8 12. Rfd1 Rd8 13. Bf4 Ng4 14. Ng5
Nf6 15. Nxd6 Rxd6 16. e5 Rxd1+ 17. Rxd1 Nd5 18. Bxd5 exd5 19. Nxf7 Be6 20. Nd6
Qc7 21. Rc1 Rf8 22. Be3 d4 {
1.25-0.45. 0-1 Rios,E-Escobar Forero,A/Capablanca mem-D 1996/EXP 52 (22)}) 9.
Rd1 Qc7 10. Bf4 Ne5 11. Bxe5 dxe5 12. Rac1 Bd7 13. Bxe6 fxe6 14. Nd5 Nxd5 15.
Rxc7 Nxc7 16. Nxe5 O-O-O 17. Qd2 Bd6 18. Nxd7 Rxd7 19. e5 Nd5 20. exd6 Rxd6 21.
Qg5 Rd7 22. g3 Rf8 23. Qe5 Re8 24. h4 g6 25. a3 Kd8 26. Re1 Nc7 27. Qc5 {
1/2-1/2 Hedke,F-Kupreichik,V/Groningen op 1995/EXP 50 (64)}) 8. Qe2 a6 9. Rd1
Bd7 10. a3 h6 11. Bf4 e5 12. Be3 Nf6 13. Nh4 b5 14. Ba2 Rc8 15. Nf5 Bxf5 16.
exf5 O-O 17. g4 b4 18. axb4 Nxb4 19. Bb3 Nh7 20. Qd2 Rb8 21. Ne4 d5 22. Bxd5
Nxd5 23. Qxd5 Qxd5 24. Rxd5 Rb4 25. Rxe5 Bf6 26. Bc5 Rc4 27. Nxf6+ gxf6 28.
Bxf8 Rxg4+ 29. Kh1 fxe5 30. Bxh6 Nf6 31. Rxa6 Ne4 32. Be3 Ng5 33. Ra8+ Kg7 34.
f6+ Kxf6 35. Rg8 Kf5 36. Rxg5+ {1-0 Nemet,I-Klauser,M/SWZ-ch 1993/TD 93\10 (36)
}) 7. e5 dxe5 8. Qxd8+ (8. Bxf7+ Kxf7 9. Qxd8 Nxd8 10. Nxe5+ Ke8 11. Nb5 Ne6
12. f4 h6 13. Nc3 g6 14. O-O Bg7 15. Rd1 Nh5 16. g3 Rf8 17. Ne2 Rf6 18. Be3 b5
19. Rd2 Rf8 20. Rad1 Bxe5 21. fxe5 Bb7 22. g4 Nhf4 {
Abdullah,M-Murray,G/Novi Sad 1990/EXT 90/0-1 (42)}) 8... Kxd8 9. Ng5 Na5 (9...
Ke8 10. Nb5 Rb8 11. Bxf7+ Kd8 12. Be3 b6 13. O-O-O+ Bd7 14. Be6 Ke8 15. Bb3 Nd4
16. Nxd4 exd4 17. Bxd4 Rc8+ 18. Kb1 Bf5+ 19. Ka1 Bg6 20. Ba4+ Nd7 21. Bxd7+
Kxd7 22. Bxg7+ Kc6 23. Bxh8 Bh6 24. Rc1+ Kb7 25. Rxc8 Kxc8 26. Nf3 a5 27. Re1
Bf4 28. Rxe7 Bc7 29. Be5 Bxe5 30. Nxe5 b5 31. Nxg6 hxg6 {
1-0 Braje,M-Oezaslan,M/Berlin 1996 (31)}) 10. Nxf7+ $146 (10. Bxf7 e6 11. Be3
Bb4 12. Bxe6 Ke7 13. Bxc8 Rhxc8 14. O-O Nc4 15. Nd1 h6 16. Nf3 Nd5 17. a3 Ncxe3
18. Nxe3 Nxe3 19. fxe3 Bd6 20. Rac1 Ke6 21. Kf2 {
1/2-1/2 Seyffer,B-Kuenzner,F/BL2-S 8788 1988/BL2 (21)}) 10... Ke8 11. Nxe5 $11
(11. Nxh8 $5 Nxc4 12. b3 $16) 11... Nxc4 12. Nxc4 Be6 13. Ne5 Nd5 14. Ne4 $17 (
14. Bd2 $142 $5 $11 {must definitely be considered}) 14... Bf5 $11 (14... Nb4
$5 15. Kd1 Bxa2 $17) 15. Ng5 Nb4 16. O-O Nc2 17. Rb1 Nd4 18. Ra1 h6 19. g4 $15
(19. Ngf3 Nc2 20. Rb1 g5 $11) 19... Bxg4 $1 {
Black has to consider giving back material} ({Worse is} 19... hxg5 20. gxf5 Rh5
21. Be3 Nxf5 22. Rac1 $15) 20. Nxg4 hxg5 21. Kg2 Rh4 22. h3 Ne6 $11 (22... Rh5
23. f4 $15) 23. Re1 Nf4+ {The black knight on an outpost} 24. Bxf4 gxf4 25.
Rac1 Kf7 $14 (25... b5 26. Rc7 $11) 26. Rc7 b6 27. Re5 $11 (27. Ne5+ $5 {
is worthy of consideration} Ke6 28. Ng6+ Kd6 29. Rc3 $16) 27... Kg8 28. Rf5 e6
29. Rff7 ({Not} 29. Rxf4 Bd6 30. Rfc4 Bxc7 31. Rxc7 Rh5 $17) 29... Rd8 $14 (
29... Rh5 $5 $11 {might be a viable alternative}) 30. Ne5 $15 (30. Rxa7 $142 $5
{must be considered} Rh5 31. Rxf4 $16) 30... Rh5 31. Nc6 Rd3 32. Rxa7 $2 $19 (
32. Rxf4 $142 {and White hangs on} Bd6 33. Rd7 Bxf4 34. Rxd3 $11) 32... Rdxh3
$4 $15 {there were better ways to keep up the pressure} (32... Rg5+ 33. Kf1 f3
(33... Rxh3 $6 34. Rxf4 Rh1+ 35. Ke2 $11) 34. Rxf8+ Kxf8 35. Ra8+ Kf7 $19) 33.
Rxf4 Rh2+ 34. Kf3 Bc5 35. Ke2 Rf5 36. Ne7+ Bxe7 37. Rxf5 exf5 38. Rxe7 Rh6 39.
Kf3 g5 40. Rb7 Rc6 41. Ke3 Re6+ {Black gets strong initiative} 42. Kd4 g4 43.
Kc4 $15 (43. Kd5 $142 $5 {is an interesting idea} Re2 44. Rxb6 $14) 43... f4
44. Kb5 {Attacks the isolani on b6. White activates its king} (44. Rb8+ Kg7 $15
) 44... g3 45. fxg3 f3 $1 {decapitation} (45... fxg3 $6 46. Rd7 $17) 46. Rc7 f2
47. Rc1 Re1 48. Rxe1 fxe1=Q 49. Kxb6 Qb4+ 50. Kc6 Qxb2 51. a4 Kf7 {
Threatening mate: Ke6} 52. a5 (52. Kd5 $19 {is still a small chance}) 52... Ke6
53. a6 (53. Kc7 {cannot change destiny} Qc3+ 54. Kb6 Kd6 55. Ka7 Qb3 56. g4 Kc7
57. a6 Qb8#) 53... Qb8 $19 (53... Qc3+ 54. Kb7 Kd6 55. Kb6 Qb3+ 56. Ka7 Kc7 57.
g4 Qb8#) 54. g4 (54. Kc5 $19 {desperation}) 54... Qa7 (54... Qd6+ 55. Kb5 Kd5
56. a7 Qc5+ 57. Ka6 Qc6+ 58. Ka5 Kc5 59. a8=Q Qxa8#) 55. Kb5 (55. g5 {
is not much help} Qxa6+ 56. Kc5 Qd3 57. Kb4 Kd5 58. g6 Qc2 59. g7 Qb2+ 60. Ka5
Kc5 61. g8=Q Qb5#) 55... Kd5 56. g5 (56. Kb4 {does not save the day} Qd4+ 57.
Kb3 Qd3+ 58. Kb2 Kc4 59. Ka2 Qb3+ 60. Ka1 Kc3 61. a7 Qb2#) 56... Qc5+ 57. Ka4
Kc4 58. g6 (58. a7 {cannot change what is in store for ?} Qxa7#) 58... Qb4# 0-1